| 000 | aam a22 a 4500 | ||
|---|---|---|---|
| 999 |
_c975 _d975 |
||
| 003 | AKMAL | ||
| 005 | 20170508101630.0 | ||
| 008 | 170508s1983 my 00 may d | ||
| 020 | _a9676100021 | ||
| 040 | _aAKMAL | ||
| 082 | 0 | 4 | _a297.211 TAL |
| 090 | 0 | 0 |
_a297.211 _bTAL |
| 100 | 0 |
_aTalib Samat, _d1959- _92063 |
|
| 245 | 1 | 0 |
_a99 nama Allah yang termasyhur : _bpembahasan mengenai nama-nama Allah dan khasiatnya / _cTalib Samat |
| 260 |
_aKuala Lumpur : _bUtusan, _c1983 |
||
| 300 | 0 | 0 |
_a381ms. ; _c21cm |
| 504 | _aBibliografi: ms.379-381 | ||
| 650 | 0 |
_aGod (Islam) _xName _92064 |
|
| 942 |
_2ddc _cBOOK |
||